[Event "Kimry"]
[Site "Kimry"]
[Date "2003.??.??"]
[Round "2"]
[White "Chernyaev, Vladimir"]
[Black "Svechnikov, Evgeniy"]
[Result "0-1"]
[WhiteElo "1967"]
[BlackElo "2038"]
[PlyCount "110"]
[EventDate "2003.??.??"]
[EventType "tourn"]
[EventRounds "11"]
[EventCountry "RUS"]
[SourceTitle "EXT 2006"]
[Source "ChessBase"]
[SourceDate "2005.11.24"]
[SourceVersion "1"]
[SourceVersionDate "2005.11.24"]
[SourceQuality "1"]

1. e4 e5 2. Nf3 Nc6 3. Bb5 a6 4. Ba4 Nf6 5. 0-0 Be7 6. Re1 b5 7. Bb3 d6 8. c3 0-0 9. h3 Nd7 10. d4 Bf6 11. a4 Bb7 12. Be3 Na5 13. Bc2 Nc4 14. Bc1 Re8 15. b3 Ncb6 16. a5 Nc8 17. Be3 exd4 18. Bxd4 Ne5 19. Nbd2 c5 20. Bxe5 dxe5 21. Nf1 Na7 22. Ne3 h6 23. Nh2 Qc7 24. Qh5 Bg5 25. Nf5 Bc8 26. h4 Bxf5 27. exf5 Bd2 28. Re4 Bxc3 29. Rd1 Red8 30. Ng4 Qc6 31. f6 Rxd1+ 32. Bxd1 Qxe4 33. Bf3 Qe1+ 34. Kh2 e4 35. Nxh6+ gxh6 36. Qg4+ Kf8 37. Qg7+ Ke8 38. Qg8+ Kd7 39. Qxf7+ Kd6 40. Qe7+ Kd5 41. Qb7+ Nc6 42. Qxa8 Be5+ 43. Kh3 exf3 44. Qg8+ Kd4 45. f7 Qh1+ 46. Kg4 fxg2 47. Kh5 g1Q 48. Qxg1 Qf3+ 49. Kxh6 Qf6+ 50. Qg6 Qxh4+ 51. Qh5 Qxh5+ 52. Kxh5 Bd6 53. Kg5 c4 54. Kf5 cxb3 55. Ke6 Bf8 0-1

[Event "Kimry"]
[Site "Kimry"]
[Date "2003.??.??"]
[Round "5"]
[White "Sorokin, Evgeniy"]
[Black "Svechnikov, Evgeniy"]
[Result "1-0"]
[WhiteElo "2167"]
[BlackElo "2038"]
[PlyCount "57"]
[EventDate "2003.??.??"]
[EventType "tourn"]
[EventRounds "11"]
[EventCountry "RUS"]
[SourceTitle "EXT 2006"]
[Source "ChessBase"]
[SourceDate "2005.11.24"]
[SourceVersion "1"]
[SourceVersionDate "2005.11.24"]
[SourceQuality "1"]

1. c4 c5 2. Nc3 g6 3. g3 Bg7 4. Bg2 Nf6 5. Nf3 0-0 6. 0-0 e6 7. e4 Nc6 8. d3 d6 9. h3 Rb8 10. Be3 a6 11. d4 cxd4 12. Nxd4 Nh5 13. Qd2 f5 14. exf5 Nxd4 15. Bxd4 exf5 16. Rad1 Nf6 17. Bxf6 Rxf6 18. c5 Bf8 19. Qd4 Bd7 20. Bd5+ Be6 21. Rfe1 Bxd5 22. Qxd5+ Kg7 23. Qd4 Kh6 24. h4 Be7 25. Nd5 dxc5 26. Qf4+ Kg7 27. Rxe7+ Rf7 28. Qe5+ Kg8 29. Nf6+ 1-0